Mecánica de taller. Tablas, fórmulas y cálculos para el tornero, fresador y ajustador

-д хадгалсан:
Номзүйн дэлгэрэнгүй
Үндсэн зохиолч: Solsona, Enrique (autor)
Формат: Ном
Хэл сонгох:англи
испани
Хэвлэсэн: Buenos Aires, Argentina Librería y editorial Alsina 1959
Нөхцлүүд:
Шошгууд: Шошго нэмэх
Шошго байхгүй, Энэхүү баримтыг шошголох эхний хүн болох!

MARC

LEADER 00000nam a22000007a 4500
003 CL-VaPUC
005 20210624102159.0
008 210624b ||||| |||| 00| 0 eng d
999 |c 433253  |d 433251 
040 |c Pontificia Universidad Católica de Valparaíso 
041 0 |a spa 
082 0 4 |2 21  |a 621.9 SOL 1959 
100 1 |a Solsona, Enrique  |e autor  |9 861867 
245 1 0 |a Mecánica de taller.  |b  Tablas, fórmulas y cálculos para el tornero, fresador y ajustador 
260 3 |a Buenos Aires, Argentina  |b Librería y editorial Alsina  |c 1959 
300 |a 403 páginas 
500 |a Donación familia profesor Sergio Soto Silva. Escuela de Mecánica. 
583 |c 20210624  |k Daniel Castañeda 
650 0 0 |9 271561  |a Talleres mecánicos  |x Máquinas y herramientas 
942 |2 ddc  |c BK 
952 |0 0  |1 0  |2 ddc  |4 0  |6 621_900000000000000_SOL_1959  |7 0  |9 578274  |a BIBMEC  |b BIBMEC  |d 2021-06-24  |i 5622344  |o 621.9 SOL 1959  |p 5622344  |r 2024-01-19  |t 1  |w 2021-06-24  |y BK  |k MEC